000 00610nam a2200205 a 4500
005 20230921063548.0
008 030918s1999 mx r 000 0 spa d
020 _a8489354804
035 _aUPN01000128892
049 _aCG
050 4 _aBF469
_bP4.4
100 1 _aPerec, Georges,
_d1936-1982
_929808
245 1 0 _aEspecies de espacios /
_cGeorges Perec ; tr. Jesús Camarero.
260 _aBarcelona, Esp. :
_bMontesinos,
_c1999.
300 _a146 p.
534 _pTraducción de :
_tEspeces d´espaces
650 4 _aPERCEPCION ESPACIAL
_98166
650 2 _aPsicología ambiental
_915638
905 _aLibro
999 _c101065
_d101065